Jakość elementem budującym lojalność klientów w otoczeniu globalnej konkurencji
Gespeichert in:
| 1. Verfasser: | |
|---|---|
| Weitere Verfasser: | |
| Format: | Buchkapitel |
| Sprache: | Polnisch |
| Tags: |
Keine Tags, Fügen Sie das erste Tag hinzu!
|
MARC
| LEADER | 00000naa$a2200000$$$4500 | ||
|---|---|---|---|
| 001 | 0157884 | ||
| 005 | 20240502072744.1 | ||
| 041 | 0 | |a pol | |
| 044 | |a SK | ||
| 245 | 1 | 0 | |a Jakość elementem budującym lojalność klientów w otoczeniu globalnej konkurencji |c Martin Mizla, Patrycja Pudło |
| 100 | 1 | |a Mizla, Martin, 1955- | |
| 700 | 1 | |a Pudło, Patrycja | |